| 000 | 00917nam a2200241 i 4500 | ||
|---|---|---|---|
| 001 | 83569 | ||
| 003 | ES-MaACL | ||
| 005 | 20230906174844.0 | ||
| 007 | t| | ||
| 008 | 041117s1961 sp a |||| | spa d | ||
| 100 | 1 |
_aJacobi, Josef. _965842 |
|
| 245 | 1 | 0 |
_aCardiopatías quirúrgicas _b: introducción a la clínica, el diagnóstico y las posibilidades operatorias / _cProf. Dr. J. Jacobi, Prof. Dr. M. Loeweneck ; en colaboración con los doctores K. Maier y H. Samlert ; [versión... del alemán por el Dr. J. Morales Belda]. |
| 250 | _a1ª ed. | ||
| 260 |
_aMadrid : _bAlhambra, _c1961. |
||
| 300 |
_a210 p. : _bil. ; _c25 cm. |
||
| 650 | 4 |
_aCorazón- _xEnfermedades. _9144728 |
|
| 650 | 4 |
_aCorazón- _xCirugía. _9161474 |
|
| 700 | 1 |
_aLoeweneck, M. _973108 |
|
| 700 | 1 |
_aMaier, K. _975561 |
|
| 700 | 1 |
_aSamlert, H. _9102179 |
|
| 700 | 1 |
_aMorales Belda, Francisco Javier. _983018 |
|
| 852 |
_aES-MaACL _jB-2173 |
||
| 999 |
_c83569 _d83569 |
||